000
00282nam a22001337a 4500
003
SGT
082
_a
617.75
_b
C10P
100
_a
PATEL, SUDI
245
_a
CATARACT AND REFRACTIVE SURGERY
260
_a
INDIA
_b
JAYPEE
_c
2010
300
_a
159
650
_a
SURGERY
942
_2
ddc
_c
BK
999
_c
10523
_d
10523